History Quiz

Random History or Letter Quiz
Score 0/20 Timer 07:00
13 Plays Today
Hint Answer % Correct
What Democratic president served from 1933 to 1945, leading the US through the majority of WWII?Franklin D. Roosevelt
98.9%
What former actor and governor of California served as president from 1981 to 1989?Ronald Reagan
93.1%
What 1973 Supreme Court case invalidated state laws that prohibited abortion?Roe v. Wade
86.5%
Who played for the Red Sox and Yankees, and was also known as 'The Sultan of Swat'?Babe Ruth
85.9%
What name is given to land managed by a Native American tribe?Reservation
85.5%
What political party was founded by anti-slavery activists in 1854?Republican Party
79.5%
What businessman founded the Standard Oil Company in 1870?John D. Rockefeller
79.2%
What city in Virginia was the site of Patrick Henry's 'Give me liberty or give me death!' speech?Richmond
79%
What era in US history refers to the years immediately following the Civil War?Reconstruction Era
75.5%
What colorful term was given to two different periods in US history during which people feared the rise and spread of communism?Red Scare
74.6%
Hint Answer % Correct
What colony located in modern-day North Carolina mysteriously disappeared in the late 1500s?Roanoke
72.8%
Roger Williams helped to establish what colony in 1636?Rhode Island
71.6%
What was the name of the iconic fictional figure that represented women who worked in factories and shipyards during WWII?Rosie the Riveter
66.9%
What nickname was given to a cavalry regiment that fought during the Spanish-American War?Rough Riders
62.9%
What couple was executed in 1953 for conspiracy to commit espionage by passing atomic bomb secrets to the Soviets?Julius and Ethel Rosenberg
60.7%
What English explorer was granted a royal patent to explore Virginia?Walter Raleigh
58.9%
Who was the first American woman in space when the space shuttle Challenger launched in 1983?Sally Ride
55.1%
Who was convicted of assassinating Martin Luther King, Jr.?James Earl Ray
45.8%
What rallying cry spurred the US into war with Spain after the explosion of a battleship in Havana in 1898?Remember the Maine!
43.9%
Who served as chief justice of the Supreme Court from 1986 to 2005?William Rehnquist
43.2%
Remove Ads.
Support Sporcle.
Get the best of Sporcle when you Go Orange. This ad-free experience offers more features, more stats, and more fun while also helping to support Sporcle. Thank you for becoming a member.

You're not logged in!

Compare scores with friends on all Sporcle quizzes.
OR
Log In

Show Comments

Extras

Top Quizzes Today


Score Distribution

Your Account Isn't Verified!

In order to create a playlist on Sporcle, you need to verify the email address you used during registration. Go to your Sporcle Settings to finish the process.

Report this User

Report this user for behavior that violates our Community Guidelines.

Details: